Statistics for 1995 European Baseball Championship

Click here to take the quiz!

General Stats

  • This quiz has been taken 3 times
  • The average score is 9 of 10

Answer Stats

PlacementTeam% Correct
3Belguim
100%
5France
100%
6Germany
100%
2Italy
100%
1Netherlands
100%
8Russia
100%
4Spain
100%
7Sweden
100%
9Ukraine
67%
10Slovenia
33%

Score Distribution

Percentile by Number Answered

Percent of People with Each Score

Your Score History

You have not taken this quiz